MARC-Details
| 000 -LEADER |
| fixed length control field |
02665nam a2200733uc 4500 |
| 001 - CONTROL NUMBER |
| control field |
1162224088 |
| 003 - CONTROL NUMBER IDENTIFIER |
| control field |
DE-101 |
| 005 - DATE AND TIME OF LATEST TRANSACTION |
| control field |
20250610115018.0 |
| 007 - PHYSICAL DESCRIPTION FIXED FIELD--GENERAL INFORMATION |
| fixed length control field |
cr|||||||||||| |
| 008 - FIXED-LENGTH DATA ELEMENTS--GENERAL INFORMATION |
| fixed length control field |
180704s2018 gw |||||o|||| 00||||ger |
| 015 ## - NATIONAL BIBLIOGRAPHY NUMBER |
| National bibliography number |
18,O08 |
| Source |
dnb |
| 016 7# - NATIONAL BIBLIOGRAPHIC AGENCY CONTROL NUMBER |
| Source |
DE-101 |
| Record control number |
1162224088 |
| 020 ## - INTERNATIONAL STANDARD BOOK NUMBER |
| International Standard Book Number |
9783770498789 |
| 024 3# - OTHER STANDARD IDENTIFIER |
| Standard number or code |
9783770498789 |
| 024 7# - OTHER STANDARD IDENTIFIER |
| Source of number or code |
urn |
| Standard number or code |
urn:nbn:de:101:1-2018070414144161274122 |
| 035 ## - SYSTEM CONTROL NUMBER |
| System control number |
(DE-599)DNB1162224088 |
| 035 ## - SYSTEM CONTROL NUMBER |
| System control number |
(OCoLC)1187509207 |
| 040 ## - CATALOGING SOURCE |
| Original cataloging agency |
1140 |
| Language of cataloging |
ger |
| Transcribing agency |
DE-101 |
| Modifying agency |
1247 |
| 041 ## - LANGUAGE CODE |
| Language code of text/sound track or separate title |
ger |
| 044 ## - COUNTRY OF PUBLISHING/PRODUCING ENTITY CODE |
| ISO country code |
XA-DE-BE |
| 082 74 - DEWEY DECIMAL CLASSIFICATION NUMBER |
| Field link and sequence number |
3\p |
| Classification number |
741.5 |
| Assigning agency |
DE-101 |
| Edition number |
23sdnb |
| 100 1# - MAIN ENTRY--PERSONAL NAME |
| Personal name |
Sakurai, Gamon |
| Relator term |
Verfasser |
| Relationship |
aut |
| 245 10 - TITLE STATEMENT |
| Title |
AJIN - Demi-Human 11 |
| Statement of responsibility, etc. |
Gamon Sakurai |
| 264 #1 - PRODUCTION, PUBLICATION, DISTRIBUTION, MANUFACTURE, AND COPYRIGHT NOTICE |
| Place of production, publication, distribution, manufacture |
Berlin |
| Name of producer, publisher, distributor, manufacturer |
Egmont Manga.digital |
| Date of production, publication, distribution, manufacture, or copyright notice |
2018 |
| 300 ## - PHYSICAL DESCRIPTION |
| Extent |
Online-Ressource, 194 Seiten |
| 336 ## - CONTENT TYPE |
| Content type term |
Text |
| Content type code |
txt |
| Source |
rdacontent |
| 337 ## - MEDIA TYPE |
| Media type term |
Computermedien |
| Media type code |
c |
| Source |
rdamedia |
| 338 ## - CARRIER TYPE |
| Carrier type term |
Online-Ressource |
| Carrier type code |
cr |
| Source |
rdacarrier |
| 500 ## - GENERAL NOTE |
| General note |
Lizenzpflichtig |
| 583 1# - ACTION NOTE |
| Action |
Archivierung/Langzeitarchivierung gewährleistet |
| Institution to which field applies |
DE-101 |
| Source of term |
pdager |
| 653 ## - INDEX TERM--UNCONTROLLED |
| Uncontrolled term |
(Produktform)Electronic book text |
| 653 ## - INDEX TERM--UNCONTROLLED |
| Uncontrolled term |
(Zielgruppe)ab 16 Jahre |
| 653 ## - INDEX TERM--UNCONTROLLED |
| Uncontrolled term |
(Lesealter)ab 16 bis 99 Jahre |
| 653 ## - INDEX TERM--UNCONTROLLED |
| Uncontrolled term |
(BISAC Subject Heading)CGN004050 |
| 653 ## - INDEX TERM--UNCONTROLLED |
| Uncontrolled term |
unsterblich |
| 653 ## - INDEX TERM--UNCONTROLLED |
| Uncontrolled term |
Netflix |
| 653 ## - INDEX TERM--UNCONTROLLED |
| Uncontrolled term |
Mumie |
| 653 ## - INDEX TERM--UNCONTROLLED |
| Uncontrolled term |
Manga |
| 653 ## - INDEX TERM--UNCONTROLLED |
| Uncontrolled term |
Geist |
| 653 ## - INDEX TERM--UNCONTROLLED |
| Uncontrolled term |
Blame |
| 653 ## - INDEX TERM--UNCONTROLLED |
| Uncontrolled term |
Anime |
| 653 ## - INDEX TERM--UNCONTROLLED |
| Uncontrolled term |
Akira |
| 653 ## - INDEX TERM--UNCONTROLLED |
| Uncontrolled term |
Sato |
| 653 ## - INDEX TERM--UNCONTROLLED |
| Uncontrolled term |
Kei |
| 653 ## - INDEX TERM--UNCONTROLLED |
| Uncontrolled term |
(VLB-Produktgruppen)TN000: E-Books |
| 653 ## - INDEX TERM--UNCONTROLLED |
| Uncontrolled term |
(Produktgruppe)00033: EMA.digital |
| 653 ## - INDEX TERM--UNCONTROLLED |
| Uncontrolled term |
(VLB-WN)9182: Manga, Manhwa/ |
| 653 ## - INDEX TERM--UNCONTROLLED |
| Uncontrolled term |
Tosaki |
| 653 ## - INDEX TERM--UNCONTROLLED |
| Uncontrolled term |
Kei Nagai |
| 653 ## - INDEX TERM--UNCONTROLLED |
| Uncontrolled term |
schwarzer Geist |
| 653 ## - INDEX TERM--UNCONTROLLED |
| Uncontrolled term |
(DDB-Sachgruppen)08: Comics, Cartoons, Karikaturen |
| 653 ## - INDEX TERM--UNCONTROLLED |
| Uncontrolled term |
(Produktgruppe)00004: Egmont Manga |
| 700 1# - ADDED ENTRY--PERSONAL NAME |
| Field link and sequence number |
1\p |
| Authority record control number or standard number |
(DE-588)1325267120 |
| -- |
https://d-nb.info/gnd/1325267120 |
| -- |
(DE-101)1325267120 |
| Personal name |
Peter, Claudia |
| Dates associated with a name |
1941- |
| Relator term |
Übersetzer |
| Relationship |
trl |
| Source of heading or term |
gnd |
| 710 2# - ADDED ENTRY--CORPORATE NAME |
| Field link and sequence number |
2\p |
| Authority record control number or standard number |
(DE-588)1065555091 |
| -- |
https://d-nb.info/gnd/1065555091 |
| -- |
(DE-101)1065555091 |
| Corporate name or jurisdiction name as entry element |
EMA - Egmont Manga und Anime |
| Relator term |
Verlag |
| Relationship |
pbl |
| Source of heading or term |
gnd |
| 776 08 - ADDITIONAL PHYSICAL FORM ENTRY |
| Relationship information |
Erscheint auch als |
| Note |
Druck-Ausgabe |
| International Standard Book Number |
9783770498017 |
| 856 40 - ELECTRONIC LOCATION AND ACCESS |
| Uniform Resource Identifier |
<a href="https://nbn-resolving.org/urn:nbn:de:101:1-2018070414144161274122">https://nbn-resolving.org/urn:nbn:de:101:1-2018070414144161274122</a> |
| 856 #0 - ELECTRONIC LOCATION AND ACCESS |
| Uniform Resource Identifier |
<a href="https://d-nb.info/1162224088/34">https://d-nb.info/1162224088/34</a> |
| 856 4# - ELECTRONIC LOCATION AND ACCESS |
| Electronic format type |
epub |
| 883 2# - METADATA PROVENANCE |
| Field link and sequence number |
1\p |
| Creation process |
dnb |
| Creation date |
20240404 |
| Assigning or generating agency |
DE-101 |
| Uniform Resource Identifier |
https://d-nb.info/provenance/plan#dnb |
| 883 1# - METADATA PROVENANCE |
| Field link and sequence number |
2\p |
| Creation process |
adb-pa |
| Creation date |
20211003 |
| Assigning or generating agency |
DE-101 |
| Uniform Resource Identifier |
https://d-nb.info/provenance/plan#adb-pa |
| 883 0# - METADATA PROVENANCE |
| Field link and sequence number |
3\p |
| Creation process |
aepsg |
| Confidence value |
0,99987 |
| Creation date |
20180705 |
| Assigning or generating agency |
DE-101 |
| Uniform Resource Identifier |
https://d-nb.info/provenance/plan#aepsg |
| 942 ## - ADDED ENTRY ELEMENTS (KOHA) |
| Source of classification or shelving scheme |
Dewey Decimal Classification |
| Koha item type |
Manga |
| Suppress in OPAC |
No |